| 000 | 00829nam a2200241 i 4500 | ||
|---|---|---|---|
| 001 | 41872 | ||
| 003 | ES-MaACL | ||
| 005 | 20230906160516.0 | ||
| 007 | t| | ||
| 008 | 030312s1977 sp ||||1| cat d | ||
| 020 | _a84-297-1335-2 | ||
| 080 | _a72.033.4/.5 | ||
| 100 | 1 |
_aCarbonell, Eduard. _935038 |
|
| 245 | 1 | 0 |
_aGrans monuments romànics i gòtics : _bde Sant Pere de Rodes a la Catedral de Mallorca / _ctextos, Eduard Carbonell i Alexandre Cirici ; fotografies, Jordi Gumí. |
| 250 | _a1ª ed. | ||
| 260 |
_aBarcelona : _bEdiciones 62, _c1977. |
||
| 300 |
_a223 p., 64 lám. : _bil. ; _c30 cm. |
||
| 650 | 4 |
_aArquitectura románica- _zCataluña. _9151046 |
|
| 650 | 4 |
_aArquitectura gótica- _zCataluña. _9165040 |
|
| 700 | 1 |
_aCirici, Alexandre. _938890 |
|
| 700 | 1 |
_aGumí, Jordi. _960946 |
|
| 852 | 4 |
_aES-MaACL _jA-7516 |
|
| 999 |
_c41872 _d41872 |
||